000
00234nam a2200097Ia 4500
001
882725
005
20250826182705.0
008
250824s9999 xx 000 0 und d
245
0
_a
BAŞKA
_c
KAHRAMAN TAZEOĞLU
260
_b
DESTEK YAYINLARI
999
_c
882725
_d
882725